[Event "Mindelo op"]
[Site "Mindelo"]
[Date "2022.04.27"]
[Round "6"]
[White "Maisuradze, Nino"]
[Black "Ferreira, Paulo"]
[Result "1-0"]
[WhiteElo "2202"]
[BlackElo "2073"]
[PlyCount "65"]
[EventDate "2022.04.22"]
[EventType "swiss"]
[EventRounds "9"]
[EventCountry "KAP"]
[SourceTitle "CBM 208 Extra"]
[Source "ChessBase"]
[SourceDate "2022.07.31"]
[SourceVersion "1"]
[SourceVersionDate "2022.07.31"]
[SourceQuality "1"]

1. e4 c5 2. Nc3 Nc6 3. f4 d6 4. Nf3 g6 5. Bc4 Bg7 6. 0-0 Nf6 7. d3 a6 8. a4 0-0 9. f5 Ng4 10. fxg6 hxg6 11. Qe1 Nce5 12. Ba2 Nxf3+ 13. Rxf3 Ne5 14. Rg3 e6 15. Bg5 Qc7 16. Rh3 f6 17. Bf4 g5 18. Bxe5 dxe5 19. Qe2 Qf7 20. Rf1 b5 21. Bb3 Bd7 22. Qg4 Rfe8 23. Rhf3 Qe7 24. h4 gxh4 25. Rxf6 c4 26. dxc4 bxc4 27. Bxc4 Rf8 28. Bxe6+ Bxe6 29. Qxe6+ Qxe6 30. Rxe6 Rf4 31. Nd5 Rg4 32. Rf5 Ra7 33. Ne7+ 1-0

[Event "Mindelo op"]
[Site "Mindelo"]
[Date "2022.04.23"]
[Round "2"]
[White "Ortega Amarelle, Mariano"]
[Black "Ferreira, Paulo"]
[Result "1/2-1/2"]
[WhiteElo "2476"]
[BlackElo "2073"]
[PlyCount "80"]
[EventDate "2022.04.22"]
[EventType "swiss"]
[EventRounds "9"]
[EventCountry "KAP"]
[SourceTitle "CBM 208 Extra"]
[Source "ChessBase"]
[SourceDate "2022.07.31"]
[SourceVersion "1"]
[SourceVersionDate "2022.07.31"]
[SourceQuality "1"]

1. d4 Nf6 2. Nf3 d6 3. c4 Nbd7 4. Nc3 e5 5. g3 g6 6. Bg2 Bg7 7. 0-0 0-0 8. e4 c6 9. h3 Qc7 10. Be3 Re8 11. Re1 exd4 12. Nxd4 Nc5 13. Qc2 a5 14. b3 Nh5 15. Rad1 Bd7 16. a3 Rad8 17. Rb1 Qc8 18. g4 Nf4 19. Bxf4 Bxd4 20. Qd2 Be5 21. Bh6 Ne6 22. f4 Bd4+ 23. Kh1 Bh8 24. f5 Nd4 25. Be3 c5 26. Nd5 Bc6 27. Qxa5 Nc2 28. Re2 Nxe3 29. Nxe3 Be5 30. Qd2 Qd7 31. Nc2 Qe7 32. Ne1 g5 33. Nd3 Bd4 34. Bf3 Qf6 35. Kg2 Re7 36. b4 Rde8 37. bxc5 dxc5 38. e5 Bxf3+ 39. Kxf3 Bxe5 40. Nxe5 Rxe5 1/2-1/2

[Event "POR-chT"]
[Site "Penafiel"]
[Date "2020.08.27"]
[Round "8.2"]
[White "Polaczek, Richard"]
[Black "Ferreira, Paulo"]
[Result "1/2-1/2"]
[WhiteElo "2363"]
[BlackElo "2114"]
[PlyCount "112"]
[EventDate "2020.08.22"]
[EventType "team-tourn"]
[EventRounds "9"]
[EventCountry "POR"]
[SourceTitle "CBM 198 Extra"]
[Source "ChessBase"]
[SourceDate "2020.11.30"]
[SourceVersion "1"]
[SourceVersionDate "2020.11.30"]
[SourceQuality "1"]
[WhiteTeam "Montemor o Velho"]
[BlackTeam "Porto A Gx"]
[WhiteTeamCountry "POR"]
[BlackTeamCountry "POR"]

1. d4 Nf6 2. Nf3 d6 3. g3 g6 4. Bg2 Bg7 5. 0-0 0-0 6. Nc3 Nbd7 7. e4 e5 8. h3 c6 9. a4 Qc7 10. Bg5 Re8 11. Re1 h6 12. Be3 b6 13. Qd2 Kh7 14. Nh2 Bb7 15. Rad1 Rad8 16. d5 cxd5 17. exd5 Rc8 18. g4 Ng8 19. Qd3 Ne7 20. Nb5 Qb8 21. Qa3 Nc5 22. c4 a6 23. Nc3 Qc7 24. f4 exf4 25. Bxf4 g5 26. Bg3 Ng6 27. Rf1 Ne5 28. b3 Re7 29. Qc1 Rce8 30. Qc2+ Kg8 31. Ne4 Nxe4 32. Bxe4 Nxc4 33. Bh7+ Kh8 34. bxc4 Re2 35. Qf5 Qc5+ 36. Bf2 Qxc4 37. Qxf7 R2e7 38. Bd3 Rxf7 39. Bxc4 Rf4 40. Bb3 Rb4 41. Rd3 Re2 42. Nf3 Rb2 43. Bd1 b5 44. axb5 Rxb5 45. Bg3 Rxd5 46. Rxd5 Bxd5 47. Bf2 Ra2 48. Re1 Kg8 49. Ba7 Ra3 50. Kf2 Kf7 51. Be2 Be4 52. Rd1 d5 53. Be3 a5 54. Nd2 Bc2 55. Rc1 d4 56. Bxg5 d3 1/2-1/2

[Event "POR CupT qf 41st"]
[Site "Porto"]
[Date "2019.05.04"]
[Round "3.2"]
[White "Borges, Guilherme Deola"]
[Black "Ferreira, Paulo"]
[Result "0-1"]
[WhiteElo "2183"]
[BlackElo "2041"]
[PlyCount "84"]
[EventDate "2019.04.04"]
[EventType "team-k.o."]
[EventRounds "6"]
[EventCountry "POR"]
[SourceTitle "CBM 190 Extra"]
[Source "ChessBase"]
[SourceDate "2019.07.15"]
[SourceVersion "1"]
[SourceVersionDate "2019.07.15"]
[SourceQuality "1"]
[WhiteTeam "Porto EX"]
[BlackTeam "Porto GX"]
[WhiteTeamCountry "POR"]
[BlackTeamCountry "POR"]

1. d4 Nf6 2. c4 d6 3. Nc3 Nbd7 4. e4 e5 5. d5 Be7 6. Bd3 Nc5 7. Bc2 a5 8. Nge2 0-0 9. 0-0 Bd7 10. a4 Ne8 11. f4 exf4 12. Bxf4 g6 13. Qd2 Ng7 14. Nd4 Bf6 15. Rae1 Nh5 16. e5 dxe5 17. Bxe5 Bg5 18. Qf2 f6 19. Bg3 Nxg3 20. hxg3 f5 21. Ne6 Nxe6 22. dxe6 Bc6 23. Rd1 Qe7 24. Rfe1 f4 25. Rd4 fxg3 26. Qxg3 Qc5 27. Qe5 Qxe5 28. Rxe5 Bf6 29. Rde4 Bxe4 30. Rxe4 c6 31. Bb3 Be7 32. Re2 Rad8 33. Ne4 Kg7 34. c5 Rf5 35. Nd6 Rxc5 36. Nxb7 Rc1+ 37. Kh2 Rb8 38. Nxa5 Rc5 39. Nxc6 Rxc6 40. Bd5 Rc5 41. Bf3 Rb4 42. Rf2 Rh4+ 0-1

[Event "Lisbon Portugal rapid op"]
[Site "Lisbon"]
[Date "2019.02.10"]
[Round "5"]
[White "Bayaraa, Chinguun"]
[Black "Ferreira, Paulo"]
[Result "1-0"]
[WhiteElo "1817"]
[BlackElo "2050"]
[PlyCount "81"]
[EventDate "2019.02.10"]
[EventType "swiss (rapid)"]
[EventRounds "8"]
[EventCountry "POR"]
[SourceTitle "CBM 188 Extra"]
[Source "ChessBase"]
[SourceDate "2019.02.26"]
[SourceVersion "1"]
[SourceVersionDate "2019.02.26"]
[SourceQuality "1"]

1. d4 Nf6 2. c4 d6 3. Nc3 Nbd7 4. e4 e5 5. d5 Nc5 6. Qc2 a5 7. Nf3 Be7 8. h3 0-0 9. Be2 Ne8 10. Be3 b6 11. g4 g6 12. Bxc5 bxc5 13. 0-0-0 Bd7 14. Kb1 Ng7 15. Bd3 c6 16. Rdf1 Qb8 17. Ne1 Bg5 18. Ng2 cxd5 19. cxd5 a4 20. f4 exf4 21. Nxf4 a3 22. b3 Bf6 23. Bc4 Qb4 24. Nce2 Be7 25. Nd3 Qb6 26. Rf3 Ne8 27. Rhf1 Nc7 28. Nc3 Nb5 29. Nxb5 Bxb5 30. e5 Bxc4 31. Qxc4 Qc7 32. e6 fxe6 33. dxe6 Rxf3 34. Rxf3 Qc6 35. Rf7 d5 36. Qc3 d4 37. Qe1 Re8 38. Qe5 Bf8 39. Qf6 Qh1+ 40. Kc2 c4 41. Rg7+ 1-0

[Event "Lisbon Portugal rapid op"]
[Site "Lisbon"]
[Date "2017.02.11"]
[Round "5"]
[White "Ferreira, Paulo"]
[Black "Alvarez Marquez, Johan"]
[Result "0-1"]
[WhiteElo "2016"]
[BlackElo "2398"]
[PlyCount "74"]
[EventDate "2017.02.11"]
[EventType "swiss (rapid)"]
[EventRounds "8"]
[EventCountry "POR"]
[SourceTitle "CBM 176 Extra"]
[Source "ChessBase"]
[SourceDate "2017.03.02"]
[SourceVersion "1"]
[SourceVersionDate "2017.03.02"]
[SourceQuality "1"]

1. d4 Nf6 2. Nc3 d5 3. Bf4 e6 4. Nb5 Na6 5. a3 c6 6. Nc3 b6 7. Nf3 Be7 8. Ne5 Bb7 9. e3 Nc7 10. Bd3 0-0 11. 0-0 c5 12. b3 Rc8 13. Qe2 Nce8 14. Nb5 Ra8 15. a4 a6 16. Na3 Nd7 17. Rfd1 Nef6 18. c4 cxd4 19. exd4 Re8 20. a5 bxa5 21. c5 Nxe5 22. Bxe5 Nd7 23. Bf4 g6 24. Rdc1 Nb8 25. Nc2 Nc6 26. Ra4 Bf6 27. Qd2 Bg7 28. Be2 e5 29. dxe5 Bxe5 30. Bxe5 Rxe5 31. Bf3 Rc8 32. Ne3 Nb4 33. Qd4 Qe7 34. h3 h5 35. Qf4 Nd3 36. Qh6 Nxc1 37. Bxh5 Rxh5 0-1

[Event "Lisbon Portugal op"]
[Site "Lisbon"]
[Date "2017.02.08"]
[Round "7"]
[White "Fernandes, Ricardo Paulos"]
[Black "Ferreira, Paulo"]
[Result "0-1"]
[WhiteElo "1790"]
[BlackElo "2016"]
[PlyCount "64"]
[EventDate "2017.02.04"]
[EventType "swiss"]
[EventRounds "9"]
[EventCountry "POR"]
[SourceTitle "CBM 176 Extra"]
[Source "ChessBase"]
[SourceDate "2017.03.02"]
[SourceVersion "1"]
[SourceVersionDate "2017.03.02"]
[SourceQuality "1"]

1. b3 d5 2. Bb2 c5 3. e3 a6 4. f4 Nc6 5. Nf3 Bg4 6. Be2 Bxf3 7. Bxf3 Qd6 8. Nc3 Nf6 9. 0-0 e6 10. e4 dxe4 11. Nxe4 Nxe4 12. Bxe4 Rd8 13. Bxc6+ Qxc6 14. f5 exf5 15. Rxf5 f6 16. Qh5+ Kd7 17. Qf7+ Kc8 18. Re1 Bd6 19. Ba3 b6 20. g3 Be5 21. c3 Rxd2 22. Rf2 Rxf2 23. Kxf2 Rd8 24. Bc1 Bxc3 25. Re7 Bd4+ 26. Be3 Bxe3+ 27. Kxe3 Qd6 28. Kf3 Qd1+ 29. Kg2 Rd2+ 30. Kh3 Qf1+ 31. Kh4 Rd4+ 32. g4 Qf2+ 0-1

[Event "Portugal op"]
[Site "Oeiras"]
[Date "2015.08.30"]
[Round "1"]
[White "Ferreira, Paulo"]
[Black "Campora, Daniel Hugo"]
[Result "0-1"]
[WhiteElo "2040"]
[BlackElo "2448"]
[PlyCount "76"]
[EventDate "2015.08.30"]
[EventType "swiss"]
[EventRounds "9"]
[EventCountry "POR"]
[SourceTitle "EXT 2016"]
[Source "ChessBase"]
[SourceDate "2015.10.08"]
[SourceVersion "1"]
[SourceVersionDate "2015.10.08"]
[SourceQuality "1"]

1. d4 Nf6 2. c3 g6 3. g3 Bg7 4. Bg2 0-0 5. e4 d6 6. Ne2 e5 7. 0-0 Nc6 8. Qc2 Bd7 9. d5 Ne7 10. f4 c6 11. fxe5 dxe5 12. dxc6 Nxc6 13. h3 Qb6+ 14. Kh2 Rac8 15. Bg5 Ne8 16. Qd2 Be6 17. Be3 Qc7 18. Na3 Rd8 19. Qc2 Nd6 20. Rad1 a6 21. Nc1 f5 22. exf5 gxf5 23. Nb3 Kh8 24. Nc5 Bc8 25. Qe2 Rde8 26. Nc4 Nxc4 27. Qxc4 e4 28. Nb3 Be5 29. Bf4 Rg8 30. Nd4 Bxf4 31. gxf4 Qg7 32. Qe2 Nxd4 33. Rxd4 Re6 34. Rd2 Rg6 35. c4 Rg3 36. Kh1 Bd7 37. Rfd1 Be8 38. Re1 e3 0-1

[Event "Porto Axis op"]
[Site "Porto"]
[Date "2014.03.17"]
[Round "7"]
[White "Ferreira, Paulo"]
[Black "Sousa, Andre Ventura"]
[Result "1-0"]
[WhiteElo "2078"]
[BlackElo "2008"]
[PlyCount "93"]
[EventDate "2014.03.11"]
[EventType "swiss"]
[EventRounds "7"]
[EventCountry "POR"]
[SourceTitle "EXT 2015"]
[Source "ChessBase"]
[SourceDate "2014.11.20"]
[SourceVersion "1"]
[SourceVersionDate "2014.11.20"]
[SourceQuality "1"]

1. d4 Nf6 2. c3 g6 3. f3 Bg7 4. e4 0-0 5. Be3 d6 6. Bd3 Nfd7 7. f4 c5 8. Nf3 e5 9. dxe5 dxe5 10. f5 gxf5 11. Qc2 f4 12. Bf2 Qc7 13. Nbd2 Nf6 14. h3 Nbd7 15. Nh4 Rb8 16. Nf5 b5 17. c4 bxc4 18. Nxc4 Ba6 19. g3 Bxc4 20. Bxc4 Qa5+ 21. Kf1 Nb6 22. Be1 Qa4 23. b3 Qe8 24. gxf4 Nxc4 25. Qxc4 Nh5 26. Rg1 Kh8 27. Bc3 Bf6 28. Rg4 Rg8 29. Nd6 Rxg4 30. hxg4 Qe7 31. Nf5 Qc7 32. gxh5 Rg8 33. Nh6 Qd7 34. f5 Rg3 35. Nxf7+ Kg7 36. h6+ Kf8 37. Nxe5 Qe7 38. Nd7+ Qxd7 39. Bxf6 Qd6 40. Bg7+ Ke7 41. Qe6+ Qxe6 42. fxe6 Kxe6 43. Rc1 Rf3+ 44. Ke2 Rh3 45. Rc2 a5 46. Rd2 Rh4 47. Kd3 1-0